000
00336nam a2200133 a 4500
005
20140513081056.0
008
070202s19uu xx 00 eng d
050
_a
VCD
_b
Be365 2005
245
_a
Be yourself/.
260
_b
Lyons,
_c
2005.
440
_a
Barney
520
_a
Episodes: 1. Trading places 2. Books are fun
999
_c
116514
_d
116514